| 000 | 00700nam a2200229 a 4500 | ||
|---|---|---|---|
| 001 | 000029656 | ||
| 003 | DO-SdBNP | ||
| 005 | 20220824095041.0 | ||
| 007 | ta | ||
| 008 | 110419s1940 dr 000 0 spa d | ||
| 040 |
_aDO-SdBNP _bspa _cBNPHU |
||
| 082 |
_axxx _bG241c |
||
| 100 |
_aGarrido Puello, Víctor, _954083 _d1886-1972 |
||
| 245 | 1 | 0 |
_aLa conquista de la gloria / _cVíctor Garrido. |
| 260 |
_aCiudad Trujillo, República Dominicana : _bEditora Montalvo, _c1940. |
||
| 300 |
_a23 p. ; _c23 cm. |
||
| 490 | 1 | _aPublicaciones del Partido Dominicano ; | |
| 590 | _aInventariado, 2022/ YL | ||
| 830 | 0 |
_aPublicaciones del Partido Dominicano _918677 |
|
| 910 | _aYLockward | ||
| 942 |
_2ddc _cLF2 |
||
| 999 |
_c29148 _d29148 |
||